000 00706cab a2200217 4500
001 WB3014-73
008 090401t1994 xxu||||| |||| 00| 0 eng d
035 _a(Sirsi) u24373
041 _aeng
245 _aChesterton set for flotation
260 _c1994
350 _a0
490 _aObserver
_v10 April 1994, 1
490 _aProperty Week
_v47(2) 14 April 1994, 14(1)
520 _aEstate agent Chesterton International is considering a stock market flotation although a final decision has not yet been reached.
650 _aCHESTERTON INTERNATIONAL
650 _aSTOCK MARKET FLOTATION
690 _aMANAGEMENT-BUSINESS MANAGEMENT-PROFESSIONAL PRACTICE
942 _n0
948 _c04/03/1997
999 _c16345
_d16345